Повышение безопасности оборудования и технологических процессов на основе применения средств автоматической защиты и промышленных роботов: материалы Всесоюзной научно-технической конференции, проходившей в Казани 18-20 ноября 1981 года

書目詳細資料
Corporate Authors: Всесоюзный центральный научно-исследовательский институт охраны труда (ВЦНИИОТ) (570), Повышение безопасности оборудования и технологических процессов на основе применения средств автоматической защиты и промышленных роботов
其他作者: Газизов Р. М. (редактор), Иоффе В. М.
語言:俄语
出版: Москва, Изд-во ВЦНИИОТ, 1982
主題:
格式: 圖書
KOHA link:https://koha.lib.tpu.ru/cgi-bin/koha/opac-detail.pl?biblionumber=306448

MARC

LEADER 00000nam0a2200000 4500
001 306448
005 20231102001909.0
035 |a (RuTPU)RU\TPU\book\331725 
090 |a 306448 
100 |a 20151007d1982 km y0rusy50 ca 
101 0 |a rus 
102 |a RU 
105 |a a z 101zy 
200 1 |a Повышение безопасности оборудования и технологических процессов на основе применения средств автоматической защиты и промышленных роботов  |e материалы Всесоюзной научно-технической конференции, проходившей в Казани 18-20 ноября 1981 года  |f Всесоюзный центральный научно-исследовательский институт охраны труда (ВЦНИИОТ) ; под ред. Р. М. Газизова, В. М. Иоффе 
210 |a Москва  |c Изд-во ВЦНИИОТ  |d 1982 
215 |a 211 с.  |c ил. 
320 |a Библиография в конце докладов 
606 1 |a Производственная безопасность  |2 stltpush  |3 (RuTPU)RU\TPU\subj\52441  |9 70877 
606 1 |a Автоматические системы регулирования  |x Исполнительные механизмы  |2 stltpush  |3 (RuTPU)RU\TPU\subj\774  |9 29580 
610 1 |a промышленное оборудование 
610 1 |a безопасность 
610 1 |a технологические процессы 
610 1 |a охрана труда 
610 1 |a автоматическая защита 
610 1 |a промышленные роботы 
610 1 |a конференции 
610 1 |a Казань 
675 |a 658.345(063)  |v 4 
675 |a 681.587(063)  |v 4 
702 1 |a Газизов  |b Р. М.  |4 340 
702 1 |a Иоффе  |b В. М.  |4 340 
712 0 2 |a Всесоюзный центральный научно-исследовательский институт охраны труда (ВЦНИИОТ)  |c (Москва)  |c (1960-1990)  |2 stltpush  |3 (RuTPU)RU\TPU\col\9565 
712 1 2 |a Повышение безопасности оборудования и технологических процессов на основе применения средств автоматической защиты и промышленных роботов  |c конференция  |e Казань  |f 1981  |4 570 
801 1 |a RU  |b 63413507  |c 20151007 
801 2 |a RU  |b 63413507  |c 20180723  |g RCR 
942 |c BK